[Event "31.Alpenpokal Oberstdorf op"]
[Site "Tiefenbach (13.01.-21.01)"]
[Date "2005.01.16"]
[Round "4.6"]
[White "Vreugdenhil, Frans"]
[Black "Kleifges, Matthias,Dr."]
[Result "0-1"]
[WhiteElo "1872"]
[BlackElo "2019"]
[PlyCount "82"]
[EventDate "2005.01.??"]
[Source "ChessOrg"]
[SourceDate "2005.02.28"]

1. e4 e6 2. d4 d5 3. Nc3 Nf6 4. Bg5 Be7 5. e5 Nfd7 6. h4 c5 7. Nb5 f6 8. Bd3
cxd4 9. Qh5+ Kf8 10. f4 fxg5 11. Nf3 Nc5 12. O-O Nxd3 13. fxg5 g6 14. Nfxd4+
Ke8 15. Qf3 Nxe5 16. Qc3 Kd7 17. Rae1 Nbc6 18. Kh1 Rf8 19. Rxf8 Bxf8 20. Qe3
Nxd4 21. Qxd4 Nc6 22. Qg4 Qe7 23. Qf4 Kd8 24. c4 e5 25. Qd2 d4 26. Nc3 Be6 27.
Ne4 Kc7 28. Nf6 Rd8 29. Qd3 Kb8 {00-00 ist auf Umwegen gelungen.} 30. a3 Bf5
31. Qb3 h6 32. Nd5 Qd6 33. Qb5 a6 34. Qa4 hxg5 35. hxg5 e4 36. b4 Bg7 37. b5
Rh8+ 38. Kg1 Qh2+ 39. Kf2 e3+ 40. Ke2 Qxg2+ 41. Kd1 Qd2# 0-1

[Event "31.Alpenpokal Oberstdorf op"]
[Site "Tiefenbach (13.01.-21.01)"]
[Date "2005.01.16"]
[Round "4.7"]
[White "Wunderer, Eckart"]
[Black "Meyer, Gerd[61Huckarde]"]
[Result "1-0"]
[WhiteElo "1974"]
[BlackElo "1925"]
[PlyCount "63"]
[EventDate "2005.01.??"]
[Source "ChessOrg"]
[SourceDate "2005.02.28"]

1. d4 d5 2. Nf3 Nf6 3. Bf4 e6 4. c3 c5 5. e3 Nc6 6. Bd3 h6 7. Nbd2 c4 8. Bc2
Bd6 9. Qe2 Bxf4 10. exf4 O-O 11. Ne5 Nxe5 12. fxe5 Nh7 13. Nf3 a6 14. a4 Bd7
15. O-O b5 16. axb5 axb5 17. Rxa8 Qxa8 18. Nh4 Rb8 19. f4 Nf8 20. f5 exf5 21.
Nxf5 Bxf5 22. Bxf5 Rb6 23. Qf3 Ne6 24. Bxe6 fxe6 25. Qf7+ Kh7 26. h3 Qb7 27.
Qf8 Qb8 28. Qc5 b4 29. Rf7 bxc3 30. Qe7 Kg6 $4 (30... Rb7 $3 {
hätte remis gemacht.} 31. Rxg7+ Kh8 32. Rh7+ Kg8) 31. Rxg7+ Kh5 32. g4# 1-0

[Event "31.Alpenpokal Oberstdorf op"]
[Site "Tiefenbach (13.01.-21.01)"]
[Date "2005.01.16"]
[Round "4.8"]
[White "Moehring, Norbert"]
[Black "Frankenberger, Ralf"]
[Result "1-0"]
[WhiteElo "1954"]
[BlackElo "1848"]
[PlyCount "43"]
[EventDate "2005.01.??"]
[Source "ChessOrg"]
[SourceDate "2005.02.28"]

1. b4 c6 2. c4 a5 3. b5 d5 4. e3 dxc4 5. Bxc4 cxb5 6. Bxb5+ Bd7 7. Qa4 Bxb5 8.
Qxb5+ Qd7 9. Nc3 Qxb5 10. Nxb5 Na6 11. Ba3 O-O-O 12. Nf3 Nh6 13. Rb1 e6 14.
Bxf8 Rhxf8 15. Ke2 Kb8 16. Nbd4 Rd5 17. Rb2 Ka8 18. Rhb1 Rb8 19. Nb5 f6 20. Nc3
Rh5 21. Nd4 Nc7 22. Nc6 1-0

[Event "31.Alpenpokal Oberstdorf op"]
[Site "Tiefenbach (13.01.-21.01)"]
[Date "2005.01.16"]
[Round "4.9"]
[White "Reinke, Kurt[39Benrath]"]
[Black "Froehlich, Rainer[37Sonth]"]
[Result "1-0"]
[WhiteElo "1832"]
[BlackElo "1964"]
[PlyCount "121"]
[EventDate "2005.01.??"]
[Source "ChessOrg"]
[SourceDate "2005.02.28"]

1. d4 Nf6 2. Nf3 g6 3. c4 Bg7 4. Nc3 d6 5. e4 Nbd7 6. Be2 e5 7. d5 O-O 8. Bg5
a6 9. O-O h6 10. Bc1 Nh5 11. g3 Ndf6 12. Nh4 Bh3 13. Re1 Qd7 14. Ng2 Rfe8 15.
a4 a5 16. Ra3 c6 17. Rb3 Rab8 18. Be3 Ra8 19. Qd2 Kh7 20. Rd1 c5 21. f3 Bxg2
22. Kxg2 Re7 23. Rb5 Qd8 24. Qc2 b6 25. Rb3 Ne8 26. f4 exf4 27. gxf4 f5 28.
Bxh5 gxh5 29. e5 dxe5 30. Qxf5+ Kh8 31. Ne4 Nd6 32. Nxd6 Qxd6 33. fxe5 Bxe5 34.
Qxh5 Rg8+ 35. Kh1 Rg6 36. Rf1 Reg7 37. Rg1 Rxg1+ 38. Bxg1 Rg5 39. Qe8+ Kh7 40.
Qc6 Qf8 41. Qd7+ Rg7 42. Qh3 Qf6 43. Rf3 Qg6 44. Rf1 Qe4+ 45. Qf3 Qxf3+ 46.
Rxf3 Bxb2 47. Rb3 Bd4 48. Bxd4 cxd4 49. Rxb6 d3 50. Rb1 Rc7 51. Rd1 Rxc4 52.
Rxd3 Rc7 53. Kg2 Kg6 54. Kf3 Kf5 55. d6 Rd7 56. h4 h5 57. Rd5+ Ke6 58. Rxh5
Rf7+ 59. Kg4 Rb7 60. Rh6+ Kf7 61. Rh7+ 1-0

[Event "31.Alpenpokal Oberstdorf op"]
[Site "Tiefenbach (13.01.-21.01)"]
[Date "2005.01.16"]
[Round "4.10"]
[White "Erhart, Uwe"]
[Black "Aigner, Georg"]
[Result "1/2-1/2"]
[WhiteElo "1988"]
[BlackElo "1855"]
[PlyCount "108"]
[EventDate "2005.01.??"]
[Source "ChessOrg"]
[SourceDate "2005.02.28"]

1. e4 e5 2. Nf3 Nc6 3. Bb5 a6 4. Ba4 Nf6 5. O-O d6 6. Re1 Be7 7. c3 Bg4 8. d3
O-O 9. Nbd2 b5 10. Bc2 d5 11. Nf1 dxe4 12. dxe4 Qxd1 13. Bxd1 Rad8 14. h3 Be6
15. Bb3 Bxb3 16. axb3 a5 17. Bg5 Rd3 18. Bxf6 Bxf6 19. Ne3 Rd7 20. Nd5 Ra8 21.
Red1 Kf8 22. Kf1 Be7 23. Ke2 Bd6 24. Nxc7 Rb8 25. Nd5 Rbb7 26. Rd2 f6 27. Rad1
Bc5 28. Ne3 Rxd2+ 29. Rxd2 Ke7 30. Nf5+ Ke6 31. Ne1 g6 32. Ne3 b4 33. Nd3 Bf8
34. Nc1 f5 35. f3 bxc3 36. bxc3 Ba3 37. Nc4 Bxc1 38. Rd6+ Ke7 39. Rxc6 Rxb3 40.
Nxa5 Rb5 41. Nc4 Kd7 42. Rd6+ Ke7 43. Rd5 Rxd5 44. exd5 e4 45. Nd2 Kd6 46. fxe4
fxe4 47. Nxe4+ Kxd5 48. Nf6+ Kc4 49. Nxh7 Bh6 50. Nf6 Kxc3 51. Ng8 $4 (51. Nd5+
Kd4 52. Ne7 Ke5 (52... g5 53. Nf5+) 53. Nxg6+ Ke4 54. g4 Bg5 55. Kf2 Bd8 56.
Kg3 Bc7+ 57. Kh4) 51... Bg5 52. Kf3 Kd4 53. Kg4 Bd8 54. Kf4 Kd5 1/2-1/2

[Event "31.Alpenpokal Oberstdorf op"]
[Site "Tiefenbach (13.01.-21.01)"]
[Date "2005.01.16"]
[Round "4.11"]
[White "Josting, Friedel"]
[Black "Koops, Randolf"]
[Result "0-1"]
[WhiteElo "1869"]
[BlackElo "2122"]
[PlyCount "56"]
[EventDate "2005.01.??"]
[Source "ChessOrg"]
[SourceDate "2005.02.28"]

1. c4 Nc6 2. d4 e5 3. dxe5 Nxe5 4. e3 Nf6 5. Nc3 Bb4 6. Nf3 Nxf3+ 7. Qxf3 d5 8.
cxd5 Bg4 9. Qf4 Bxc3+ 10. bxc3 Qxd5 11. Qa4+ Bd7 12. Qb3 O-O 13. c4 Qc6 14. Bb2
Rad8 15. O-O-O Ne4 16. Be2 Nxf2 17. Bf3 Qh6 18. Rhe1 Nxd1 19. Bxd1 Rfe8 20. Kb1
Bf5+ 21. Ka1 Rd3 22. Qxb7 Rdxe3 23. Rf1 Qd6 24. Bc1 Qd3 25. Bxe3 Qxf1 26. Qd5
Rb8 27. a3 Qe1 28. Bxa7 Qc3+ 0-1

[Event "31.Alpenpokal Oberstdorf op"]
[Site "Tiefenbach (13.01.-21.01)"]
[Date "2005.01.16"]
[Round "4.12"]
[White "Tauscher, Max"]
[Black "Klempt, Guenter"]
[Result "0-1"]
[WhiteElo "1671"]
[BlackElo "1936"]
[PlyCount "76"]
[EventDate "2005.01.??"]
[Source "ChessOrg"]
[SourceDate "2005.02.28"]

1. e4 c5 2. Nf3 Nc6 3. Bb5 g6 4. a3 Bg7 5. c3 Nf6 6. d3 O-O 7. Be3 d6 8. h3 Qb6
9. Bxc6 Qxb2 10. Bxb7 Bxb7 11. Nbd2 Qxc3 12. Rb1 Ba6 13. Rb3 Qa5 14. O-O Rab8
15. Qc2 Qc7 16. Rfb1 Rxb3 17. Qxb3 Nd7 18. Qc2 Rb8 19. Nb3 Qc6 20. Nbd2 Rxb1+
21. Nxb1 Qb5 22. Ne1 Ne5 23. a4 Qb4 24. Bd2 Qb7 25. Nc3 Nc6 26. Qb1 Qc7 27. Nd5
Qd7 28. Nc3 Nb4 29. Na2 Nc6 30. Nc3 e6 31. Nb5 f5 32. Be3 Bf8 33. Qc1 Nd4 34.
Nxd4 cxd4 35. Bxd4 fxe4 36. Qc3 exd3 37. Nxd3 Bxd3 38. Qxd3 Qxa4 0-1

[Event "31.Alpenpokal Oberstdorf op"]
[Site "Tiefenbach (13.01.-21.01)"]
[Date "2005.01.16"]
[Round "4.13"]
[White "Hiller, Joachim[42Deidesh]"]
[Black "Rueggeberg, Wilhelm"]
[Result "0-1"]
[WhiteElo "1838"]
[BlackElo "1805"]
[PlyCount "68"]
[EventDate "2005.01.??"]
[Source "ChessOrg"]
[SourceDate "2005.02.28"]

1. d4 Nf6 2. c4 e6 3. Nf3 d5 4. Nc3 Nbd7 5. cxd5 exd5 6. Bg5 Be7 7. e3 O-O 8.
Bd3 Re8 9. Qc2 Nf8 10. O-O c6 11. Ne5 Ng4 12. Bxe7 Qxe7 13. Nf3 Ng6 14. a3 Nf6
15. h3 Ne4 16. Bxe4 dxe4 17. Nd2 f5 18. Rae1 Be6 19. f3 exf3 20. Nxf3 Rad8 21.
e4 fxe4 22. Nxe4 Bf5 23. Qc4+ Be6 24. Qa4 b5 25. Qc2 Bd5 26. Nc5 Qc7 27. Qc3
Qg3 28. Rxe8+ Rxe8 29. Ne1 Re3 30. Qd2 Nf4 31. Rxf4 Qxf4 32. Nc2 Rf3 33. Qe2
Qc1+ 34. Ne1 Re3 0-1

[Event "31.Alpenpokal Oberstdorf op"]
[Site "Tiefenbach (13.01.-21.01)"]
[Date "2005.01.16"]
[Round "4.14"]
[White "Marek, Herbert"]
[Black "Winter, Rudolf[29G.Gerau]"]
[Result "1-0"]
[WhiteElo "1701"]
[BlackElo "1654"]
[PlyCount "93"]
[EventDate "2005.01.??"]
[Source "ChessOrg"]
[SourceDate "2005.02.28"]

1. d4 Nf6 2. c4 g6 3. Nc3 Bg7 4. e4 d6 5. Be2 O-O 6. Nf3 Nbd7 7. O-O e5 8. d5
a6 9. h3 Nc5 10. Nd2 Ne8 11. b4 Nd7 12. Nf3 f5 13. Bg5 Ndf6 14. exf5 Bxf5 15.
Bd3 Qd7 16. Bxf5 Qxf5 17. Qd2 Ne4 18. Nxe4 Qxe4 19. Rac1 Rxf3 20. gxf3 Qxf3 21.
Rc3 Qf5 22. Rg3 Nf6 23. Bxf6 Qxf6 24. Qg5 Qf7 25. h4 Re8 26. f3 Qf4 27. Rg4
Qxg5 28. hxg5 Rf8 29. Kg2 Rf4 30. Kg3 Rxg4+ 31. Kxg4 h5+ 32. gxh6 Bxh6 33. a4
Kg7 34. c5 Bd2 35. cxd6 cxd6 36. b5 axb5 37. axb5 Kf6 38. Ra1 b6 39. Ra8 Be3
40. Re8 Kf7 41. Re6 Bc5 42. f4 exf4 43. Kxf4 Bb4 44. Kg4 Bc5 45. Kg5 Bb4 46.
Rf6+ Ke7 47. Kxg6 1-0

[Event "31.Alpenpokal Oberstdorf op"]
[Site "Tiefenbach (13.01.-21.01)"]
[Date "2005.01.16"]
[Round "4.15"]
[White "Johne, Siegfried"]
[Black "Ludwig, Ines"]
[Result "1-0"]
[WhiteElo "1843"]
[BlackElo "1521"]
[PlyCount "59"]
[EventDate "2005.01.??"]
[Source "ChessOrg"]
[SourceDate "2005.02.28"]

1. e4 c5 2. Nf3 d6 3. d4 cxd4 4. Nxd4 Nf6 5. Nc3 a6 6. Bc4 e6 7. Bb3 b5 8. O-O
Be7 9. Re1 Bb7 10. f3 O-O 11. Be3 Qd7 12. Qd2 Nc6 13. a4 b4 14. Nce2 d5 15.
Nxc6 Qxc6 16. e5 Ng4 17. fxg4 d4 18. Nxd4 Qe4 19. Nf3 Qxg4 20. Qf2 h6 21. Rad1
Rac8 22. Rd7 Bxf3 23. Qxf3 Qxf3 24. gxf3 Rfe8 25. Red1 Bc5 26. Kf2 Bxe3+ 27.
Kxe3 Kf8 28. Ra7 Ra8 29. Rdd7 Rxa7 30. Rxa7 1-0

[Event "31.Alpenpokal Oberstdorf op"]
[Site "Tiefenbach (13.01.-21.01)"]
[Date "2005.01.16"]
[Round "4.16"]
[White "Fehres, Werner"]
[Black "Gerhards, Walter"]
[Result "1/2-1/2"]
[WhiteElo "1705"]
[BlackElo "1805"]
[PlyCount "138"]
[EventDate "2005.01.??"]
[Source "ChessOrg"]
[SourceDate "2005.02.28"]

1. e4 e6 2. f4 c5 3. c3 Nc6 4. Nf3 Nf6 5. d3 b6 6. Be3 Ng4 7. Bg1 Bb7 8. h3 Nf6
9. Nbd2 Be7 10. g3 d6 11. Bg2 Nd7 12. Bf2 Bf6 13. O-O O-O 14. Qe2 Re8 15. Rfe1
Qc7 16. Rac1 Rad8 17. h4 g6 18. Be3 Bg7 19. Nf1 Nf6 20. N3h2 h5 21. Bf3 Qe7 22.
Qc2 Qd7 23. Rcd1 Qc8 24. Bc1 Ne7 25. Rd2 Qa8 26. Rf2 Kh7 27. Ne3 Nfg8 28. Qe2
Nh6 29. Nhf1 d5 30. Nc2 Nc6 31. Nd2 d4 32. c4 Ne7 33. Qf1 Neg8 34. Qh3 Nf6 35.
Rfe2 Nfg4 36. Nf1 Qc8 37. Nh2 f5 38. Qg2 Nxh2 39. Kxh2 Kg8 40. e5 Bxf3 41. Qxf3
Qa6 42. Na3 Bf8 43. b3 Qc8 44. Nc2 a6 45. Bd2 b5 46. Rb1 b4 47. a3 bxa3 48. Ra1
Rd7 49. Rxa3 Rb7 50. Re1 Qb8 51. Rb1 Be7 52. Na1 Ng4+ 53. Kg1 Qc8 54. Rb2 Bd8
55. Rba2 a5 56. Bxa5 Bxa5 57. Rxa5 Qc7 58. Ra6 Re7 59. Rc6 Qb8 60. Rxc5 Kf7 61.
Ra3 Rb4 62. Ra8 Qb6 63. Rcc8 Rxb3 64. Rf8+ Kg7 65. Rg8+ Kh7 66. Rh8+ Kg7 67.
Rhg8+ Kh7 68. Nxb3 Qxb3 69. Rgb8 (69. Rh8+ Kg7 70. Rag8+ Kf7 71. Rb8) 69... Qc2
1/2-1/2

[Event "31.Alpenpokal Oberstdorf op"]
[Site "Tiefenbach (13.01.-21.01)"]
[Date "2005.01.16"]
[Round "4.17"]
[White "Schwichtenberg, Juergen"]
[Black "Seyfarth, Rudolf"]
[Result "1/2-1/2"]
[WhiteElo "1639"]
[BlackElo "1807"]
[PlyCount "55"]
[EventDate "2005.01.??"]
[Source "ChessOrg"]
[SourceDate "2005.02.28"]

1. b4 d5 2. e3 e6 3. Bb2 Nf6 4. b5 Be7 5. Nf3 O-O 6. Be2 c6 7. a4 a6 8. c4 axb5
9. axb5 Rxa1 10. Bxa1 Bd7 11. Qb3 Qa5 12. Bc3 Qb6 13. Bd4 c5 14. Bb2 Nc6 15.
Ne5 Nxe5 16. Bxe5 Bc6 17. O-O dxc4 18. Bxc4 Bd5 19. d3 Ng4 20. Bb2 Qc7 21. g3
Rd8 22. Nc3 Bxc4 23. dxc4 Qe5 24. Nd5 Qg5 {
und remis gegeben.es könnte noch folgen} 25. h4 $1 Qh5 26. Nxe7+ Kf8 27. Nc6
bxc6 28. bxc6 {mit Gewinn} 1/2-1/2

[Event "31.Alpenpokal Oberstdorf op"]
[Site "Tiefenbach (13.01.-21.01)"]
[Date "2005.01.16"]
[Round "4.18"]
[White "Poffers, Rieke"]
[Black "Herzog, Manfred[60Sulzfeld]"]
[Result "1/2-1/2"]
[WhiteElo "1799"]
[BlackElo "1756"]
[PlyCount "124"]
[EventDate "2005.01.??"]
[Source "ChessOrg"]
[SourceDate "2005.02.28"]

1. e4 g6 2. d4 Nf6 3. Nc3 d6 4. Nf3 Bg7 5. Be3 O-O 6. Qd2 Ng4 7. Bg5 f6 8. Bh4
c6 9. h3 Nh6 10. Be2 f5 11. e5 dxe5 12. Nxe5 f4 13. Bg5 Bxe5 14. dxe5 Qxd2+ 15.
Kxd2 Nf5 16. Bxf4 Nh4 17. g3 Ng2 18. Be3 Rd8+ 19. Bd3 Nxe3 20. Kxe3 Nd7 21. f4
Nc5 22. Bc4+ Be6 23. Bxe6+ Nxe6 24. Rad1 Nc7 25. Rxd8+ Rxd8 26. Rd1 Rxd1 27.
Nxd1 Nd5+ 28. Kd2 h5 29. Ne3 Nc7 30. Kd3 Kf7 31. b4 Ke6 32. a4 b5 33. axb5 cxb5
34. Kd4 Kd7 35. Ng2 Ne6+ 36. Kd5 Nc7+ 37. Kc5 a6 38. Nh4 Ne6+ 39. Kd5 g5 40.
Ng2 h4 41. gxh4 gxf4 42. Ne1 Ng7 43. Ke4 Ke6 44. Kxf4 Kf7 45. Nf3 Kg6 46. Ke4
e6 47. Kd4 Kf5 48. Ng5 Kf4 49. Nf7 Nf5+ 50. Kc5 Nxh4 51. Kd6 Kf5 52. Nd8 Nf3
53. Nxe6 Nxe5 54. Nc5 Nc4+ 55. Kc6 Na3 56. c3 Nb1 57. Nxa6 Nxc3 58. Nc7 Kg5 59.
Nd5 Na2 60. Kxb5 Kh4 61. Nf4 Kg3 62. Kc5 Nxb4 1/2-1/2

[Event "31.Alpenpokal Oberstdorf op"]
[Site "Tiefenbach (13.01.-21.01)"]
[Date "2005.01.16"]
[Round "4.20"]
[White "Poell, Guenter"]
[Black "Borries, Barbara"]
[Result "1/2-1/2"]
[WhiteElo "1815"]
[BlackElo "1798"]
[PlyCount "52"]
[EventDate "2005.01.??"]
[Source "ChessOrg"]
[SourceDate "2005.02.28"]

1. f4 d5 2. Nf3 Bg4 3. e3 c5 4. c3 Nc6 5. Be2 e6 6. O-O Nf6 7. Ne5 Bxe2 8. Qxe2
Qc7 9. d4 Be7 10. Nd2 g6 11. a3 Bd6 12. Ndf3 Ne4 13. Nd2 O-O 14. Nxe4 dxe4 15.
Bd2 f6 16. Nxc6 Qxc6 17. b4 cxd4 18. cxd4 Kh8 19. b5 Qd5 20. a4 Rac8 21. Rfc1
e5 22. fxe5 fxe5 23. dxe5 Bxe5 24. Rxc8 Rxc8 25. Rc1 Rxc1+ 26. Bxc1 Kg7 1/2-1/2

[Event "31.Alpenpokal Oberstdorf op"]
[Site "Tiefenbach (13.01.-21.01)"]
[Date "2005.01.16"]
[Round "4.21"]
[White "Mueller, Dieter[45Halle]"]
[Black "Ludwig, Karl-Heinz,Prof.Dr."]
[Result "1-0"]
[WhiteElo "1451"]
[BlackElo "1190"]
[PlyCount "41"]
[EventDate "2005.01.??"]
[Source "ChessOrg"]
[SourceDate "2005.02.28"]

1. Nf3 b6 2. g3 Bb7 3. Bg2 f5 4. c4 Nc6 5. a3 Nf6 6. O-O e6 7. b4 a6 8. Bb2 Be7
9. Nc3 O-O 10. Qc2 d5 11. cxd5 exd5 12. Qb3 Kh8 13. e3 Qd7 14. Rac1 b5 15. Qc2
g6 16. Ne1 Nd8 17. Ne2 c6 18. Nd3 Nf7 19. Nc5 Bxc5 20. Bxf6+ Kg8 21. Qxc5 1-0

[Event "31.Alpenpokal Oberstdorf op"]
[Site "Tiefenbach (13.01.-21.01)"]
[Date "2005.01.16"]
[Round "4.22"]
[White "Krawinkel, Hans-Werner"]
[Black "Emser, Heinrich"]
[Result "0-1"]
[WhiteElo "1676"]
[BlackElo "1685"]
[PlyCount "136"]
[EventDate "2005.01.??"]
[Source "ChessOrg"]
[SourceDate "2005.02.28"]

1. c4 Nf6 2. Nc3 g6 3. g3 Bg7 4. Bg2 O-O 5. Nf3 c6 6. d4 d5 7. cxd5 cxd5 8. O-O
Nc6 9. Re1 Ne4 10. e3 Bg4 11. h3 Nxc3 12. bxc3 Bd7 13. Qb3 Qc8 14. Kh2 Rd8 15.
Nd2 e6 16. Bb2 Na5 17. Qd1 f5 18. f4 Nc4 19. Nxc4 dxc4 20. a4 Bc6 21. Bf1 Be4
22. Qc1 Qc6 23. Rd1 a6 24. Rd2 b5 25. a5 Rd7 26. Ba3 Rad8 27. Raa2 Bf6 28. Bc5
g5 29. Bg2 Rg7 30. Bxe4 Qxe4 31. Rg2 Kh8 32. Rae2 h5 33. Qc2 Rd5 34. Bf8 Rc7
35. Bb4 g4 36. Qxe4 fxe4 37. hxg4 hxg4 38. Kh1 Rh5+ 39. Rh2 Rch7 40. Rxh5 Rxh5+
41. Kg2 Kg8 42. Rd2 Kf7 43. Bd6 Rd5 44. Bb4 Kg6 45. Rd1 e5 46. Rh1 exd4 47.
exd4 Rd8 48. Kf2 Re8 49. Ke3 Kf5 50. Rh5+ Kg6 51. Rh1 Kf5 52. Bd6 Bd8 53. Bb4
Bf6 54. Rh7 Rg8 55. Ra7 Bh4 56. Kf2 e3+ 57. Kg2 e2 58. Kf2 Re8 59. Be7 Bxe7 60.
Ke1 b4 61. Rxa6 Bf6 62. Rc6 bxc3 63. Rxc4 Ke4 64. Kxe2 Kd5+ 65. Kd3 Re3+ 66.
Kxe3 Kxc4 67. a6 Bxd4+ 68. Ke2 Kb3 0-1

[Event "31.Alpenpokal Oberstdorf op"]
[Site "Tiefenbach (13.01.-21.01)"]
[Date "2005.01.16"]
[Round "4.23"]
[White "Bruestle, Wilfried"]
[Black "Thonig, Manfred"]
[Result "1/2-1/2"]
[WhiteElo "1614"]
[BlackElo "1555"]
[PlyCount "102"]
[EventDate "2005.01.??"]
[Source "ChessOrg"]
[SourceDate "2005.02.28"]

1. d4 e5 2. dxe5 Nc6 3. Nf3 Qe7 4. g3 Nxe5 5. Bg2 d6 6. c3 c6 7. Nxe5 dxe5 8.
e4 Be6 9. b3 Rd8 10. Qc2 Qc7 11. O-O Nf6 12. Bg5 Be7 13. Nd2 O-O 14. Rfd1 Rd7
15. Nf1 Rxd1 16. Qxd1 Bg4 17. Qc1 Rd8 18. Ne3 Be2 19. Qb2 Bd3 20. Nf5 Rd7 21.
Nxe7+ Rxe7 22. Bxf6 gxf6 23. Re1 Qc8 24. Qd2 Ba6 25. Rd1 Kg7 26. h4 b5 27. Kh2
Qc7 28. Bh3 Bc8 29. Qd6 Bxh3 30. Qxc7 Rxc7 31. Kxh3 a5 32. a3 Kg6 33. Kg4 h5+
34. Kf3 f5 35. Ke3 fxe4 36. Kxe4 f6 37. Rd6 c5 38. Rb6 b4 39. axb4 axb4 40.
cxb4 c4 41. bxc4 Rxc4+ 42. Kd3 Rd4+ 43. Ke3 Rc4 44. Rb8 Kf5 45. b5 Rb4 46. b6
e4 47. b7 Rb3+ 48. Ke2 Rb2+ 49. Kf1 Rb1+ 50. Kg2 Rb2 51. Kf1 Rb1+ 1/2-1/2

[Event "31.Alpenpokal Oberstdorf op"]
[Site "Tiefenbach (13.01.-21.01)"]
[Date "2005.01.16"]
[Round "4.26"]
[White "Poffers, Gerrit"]
[Black "Poppitz, Joachim"]
[Result "1-0"]
[WhiteElo "1443"]
[BlackElo "1369"]
[PlyCount "79"]
[EventDate "2005.01.??"]
[Source "ChessOrg"]
[SourceDate "2005.02.28"]

1. g3 Nf6 2. Bg2 e6 3. Nf3 Be7 4. O-O O-O 5. d3 Nc6 6. e4 d5 7. e5 Nd7 8. d4 f6
9. exf6 Nxf6 10. c3 Bd6 11. Re1 h6 12. Ne5 Bxe5 13. dxe5 Ne4 14. f3 Ng5 15. f4
Ne4 16. Nd2 Nxd2 17. Bxd2 Ne7 18. Be3 c6 19. Rf1 b6 20. Qg4 Nf5 21. Bf2 Qe8 22.
Rad1 Ba6 23. Rfe1 Kh7 24. Qf3 Rd8 25. g4 Ne7 26. Qg3 Rg8 27. Qh3 Qf7 28. Be3 g6
29. Qf3 Rdf8 30. Bf1 Bc8 31. Bd3 Kh8 32. Rf1 Qh7 33. Qh3 h5 34. Kh1 hxg4 35.
Qxg4 Nf5 36. Rf3 Kg7 37. Rh3 Nh6 38. Qg5 Rf5 39. Bxf5 exf5 40. Qf6# 1-0

[Event "31.Alpenpokal Oberstdorf op"]
[Site "Tiefenbach (13.01.-21.01)"]
[Date "2005.01.16"]
[Round "4.27"]
[White "Miessner, Rolf"]
[Black "Luebbers, Doris,Dr."]
[Result "1/2-1/2"]
[WhiteElo "1554"]
[BlackElo "1395"]
[PlyCount "58"]
[EventDate "2005.01.??"]
[Source "ChessOrg"]
[SourceDate "2005.02.28"]

1. e4 c5 2. Nc3 d6 3. f4 e6 4. Nf3 g6 5. Be2 Bg7 6. O-O Ne7 7. d4 cxd4 8. Nxd4
a6 9. Be3 O-O 10. Qd2 Nbc6 11. Rad1 d5 12. Nxc6 bxc6 13. e5 Bb7 14. Bc5 Re8 15.
g4 a5 16. Rf2 Ba6 17. Bxa6 Rxa6 18. Qd4 Qa8 19. Na4 Nc8 20. b3 Bf8 21. h4 Bxc5
22. Qxc5 Qa7 23. Qc3 Re7 24. Kg2 Rc7 25. f5 c5 26. f6 Qa8 27. Qd2 d4+ 28. Kh3
Nb6 29. Nxb6 Rxb6 1/2-1/2

[Event "31.Alpenpokal Oberstdorf op"]
[Site "Tiefenbach (13.01.-21.01)"]
[Date "2005.01.16"]
[Round "4.28"]
[White "Meyer, Thomas[52Tübing]"]
[Black "Wahl, Hedi"]
[Result "1-0"]
[WhiteElo "1604"]
[BlackElo "1364"]
[PlyCount "55"]
[EventDate "2005.01.??"]
[Source "ChessOrg"]
[SourceDate "2005.02.28"]

1. d4 g6 2. c4 d6 3. Nc3 Bg7 4. e4 c6 5. Be3 Nf6 6. f3 O-O 7. Qd2 e5 8. d5 Nfd7
9. O-O-O c5 10. Bd3 Nb6 11. g4 N8d7 12. Nge2 Nf6 13. Ng3 Bd7 14. Bh6 a5 15. h4
a4 16. a3 Rb8 17. h5 Kh8 18. hxg6 fxg6 19. Bxg7+ Kxg7 20. Qh6+ Kh8 21. g5 Nh5
22. Nxh5 gxh5 23. Qxh5 Qe7 24. g6 Be8 25. Rdg1 Qg7 26. Qxh7+ Qxh7 27. Rxh7+ Kg8
28. g7 1-0

[Event "31.Alpenpokal Oberstdorf op"]
[Site "Tiefenbach (13.01.-21.01)"]
[Date "2005.01.17"]
[Round "5.1"]
[White "Van Baarle, C John"]
[Black "Schlierkamp, Ferdinand"]
[Result "1-0"]
[WhiteElo "2198"]
[BlackElo "2089"]
[PlyCount "74"]
[EventDate "2005.01.??"]
[Source "ChessOrg"]
[SourceDate "2005.02.28"]

1. e4 c5 2. Nf3 d6 3. Bb5+ Bd7 4. Bxd7+ Qxd7 5. c4 e5 6. d3 g6 7. Nc3 Bg7 8.
Nd5 Nc6 9. O-O Nge7 10. Bg5 Nxd5 11. cxd5 Ne7 12. Bxe7 Qxe7 13. Nd2 O-O 14. Nc4
b5 15. Na5 Qc7 16. Nc6 a5 17. Qb3 Qb6 18. a4 b4 19. Qc4 Qa6 20. Qxa6 Rxa6 21.
b3 f6 22. f4 Raa8 23. fxe5 fxe5 24. Rxf8+ Bxf8 25. h4 Bh6 26. g3 Kg7 27. Kg2
Bd2 28. Rd1 Be3 29. Rf1 Bd2 30. Kf3 Bh6 31. Ke2 Kg8 32. Rf6 Bf8 33. g4 Kg7 34.
g5 h6 35. h5 gxh5 36. Rxh6 Kg8 37. Rf6 Kg7 1-0

[Event "31.Alpenpokal Oberstdorf op"]
[Site "Tiefenbach (13.01.-21.01)"]
[Date "2005.01.17"]
[Round "5.2"]
[White "Woell, Josef"]
[Black "Poffers, Adriaan"]
[Result "0-1"]
[WhiteElo "1895"]
[BlackElo "2253"]
[PlyCount "150"]
[EventDate "2005.01.??"]
[Source "ChessOrg"]
[SourceDate "2005.02.28"]

1. d4 d6 2. Bg5 g6 3. e3 Bg7 4. Bc4 Nf6 5. Nd2 Nbd7 6. Ngf3 O-O 7. c3 h6 8. Bh4
Qe8 9. O-O e5 10. dxe5 dxe5 11. Qc2 Kh7 12. Rae1 Nb6 13. Bb3 Nh5 14. e4 a5 15.
Qc1 Nf4 16. Re3 a4 17. Bc2 Be6 18. Qb1 Qb5 19. Kh1 Kg8 20. h3 g5 21. Bg3 Rad8
22. b3 axb3 23. axb3 Rd7 24. Rfe1 Rfd8 25. Nf1 Qa5 26. c4 Bf6 27. Bxf4 gxf4 28.
Rd3 Rxd3 29. Bxd3 Qc3 30. Rd1 Nd7 31. Qc2 Qb4 32. Be2 Ra8 33. Rb1 Nc5 34. N3d2
Bd7 35. Bg4 Bc6 36. Bf5 Rd8 37. Ra1 Nd3 38. Nf3 Be7 39. N1h2 Qd6 40. Ng4 h5 41.
c5 Qxc5 42. Qxc5 Nxc5 43. Ngxe5 Bxe4 44. Bxe4 Nxe4 45. Ra4 Nxf2+ 46. Kh2 Nd3
47. Ra7 Nxe5 48. Nxe5 Bh4 49. Ra1 Bg3+ 50. Kg1 Rd2 51. Rb1 Bf2+ 52. Kh1 Kf8 53.
b4 Ke7 54. b5 Re2 55. Nd3 Bg3 56. Nc5 Re1+ 57. Rxe1+ Bxe1 58. Kg1 (58. Nxb7 Bb4
59. Kg1 Kd7 60. Kf2 Kc8) 58... Bd2 59. Kf1 Be3 60. Nd3 (60. Nxb7 Bb6 61. Ke2
Kd7 62. Kf3 Kc8) 60... Kd6 61. Ke2 Kd5 62. Kf3 f6 63. Nxf4+ Bxf4 64. Kxf4 c5
65. bxc6 bxc6 66. g4 hxg4 67. Kxg4 Ke6 68. h4 Kf7 69. h5 c5 70. Kf4 Kg7 71. Ke4
Kh6 72. Kd5 Kxh5 73. Kxc5 Kg4 74. Kd4 Kf4 75. Kd3 Kf3 0-1

[Event "31.Alpenpokal Oberstdorf op"]
[Site "Tiefenbach (13.01.-21.01)"]
[Date "2005.01.17"]
[Round "5.3"]
[White "Kleifges, Matthias,Dr."]
[Black "Wempe, Juergen"]
[Result "1/2-1/2"]
[WhiteElo "2019"]
[BlackElo "2134"]
[PlyCount "105"]
[EventDate "2005.01.??"]
[Source "ChessOrg"]
[SourceDate "2005.02.28"]

1. e4 c5 2. c3 d6 3. d4 Nf6 4. Bd3 Nc6 5. Nf3 Bg4 6. d5 Nb8 7. h3 Bc8 8. O-O e5
9. dxe6 Bxe6 10. e5 Nd5 11. Bb5+ Nc6 12. Bg5 Qc7 13. Re1 Nb6 14. exd6 Bxd6 15.
Nbd2 O-O 16. Ne4 Be7 17. Bxc6 bxc6 18. Bxe7 Qxe7 19. Neg5 Nd5 20. Qa4 Rab8 21.
Nxe6 fxe6 22. Qxc6 Rxf3 23. Qxd5 exd5 24. Rxe7 Rf7 25. Re2 Rd7 26. Rd1 d4 27.
cxd4 cxd4 28. Rd3 Kf7 29. b3 Rb6 30. f3 Kf6 31. Kf2 Rc6 32. f4 a5 33. Kf3 a4
34. Red2 axb3 35. axb3 Rb6 36. Rb2 Rb4 37. Ke4 Re7+ 38. Kf3 Reb7 39. g4 h6 40.
h4 Rc7 41. f5 h5 42. gxh5 Kxf5 43. Rg2 Rcb7 44. Rg5+ Kf6 45. Kg4 Kf7 46. Rf5+
Kg8 47. Kg5 Kh7 48. Kf4 Rxb3 49. Rxd4 Rh3 50. Kg5 Rbb3 51. Rf7 Rb5+ 52. Kg4 Rh1
53. Rf3 1/2-1/2